000 00940nam1a22002651i 4500
001 rc\4623959
005 20260406123327.0
021 _aRU
_b[68-23733]
021 _aRU
_b[63-49527]
035 _a(NLR Aleph) 008675856
090 _a9148222
_c9148222
100 _a20130416f |||y0rusy50 ca
101 0 _arus
102 _aRU
105 _a z |||||
200 1 _aНаш край
_eДокументы по истории Донской области
_e[Т. 1-
_f[Гос. архив Рост. обл.]
210 _aРостов-на-Дону
_cКн. изд-во
_d63]-
215 _d23
607 _aРостовская область
_xИстория
_jДокументы и материалы
_2psbo
712 0 2 _aРостовский областной архив
_3RU\NLR\AUTH\8816075
_9305270
801 0 _aRU
_bNLR
_gpsbo
801 1 _aRU
_bELAR
_2rusmarc
852 _aNLR
_j63-5/3330
852 _aNLR
_jМф К1/25611-1
942 _cBOOK